00461nam a2200181Ia 450000500170000000800410001704100080005808200100006610000260007624500610010225000110016326000270017426000110020130000080021265000250022065000240024501000100026920250425161435.0250425s9999 xx 000 0 und d aspa a986.6 aROBALINO DAVILA, LUIS 0aORIGENES DEL ECUADOR DE HOY: LA REACCIÓN ANTI-FLOREANA a1A ED. aMéxicobCAJICAc1967 aPUEBLA a492 aHISTORIA DEL ECUADOR aPERIODO REPUBLICANO a20361